00645 2200217 4500001002100000005001700021008004100038020001800079035002400097040001200121082001200133090001900145100001900164245009000183260004100273300003000314500002700344650002900371850001200400990001500412YOGYA-0209000000486320090227020741.0 ind  a979-20-4440-X 0010-020900000004863 aYOPDYOG a005.759 a005.759bSap B aSAPUTRO, Haris aBuku pintar internetbmanajemen database MySQL menggunakan MySQL-FrontcHaris Saputro aJakartabElex Media Komputindoc2003 axii, 206 hlmbilusc18 cm aBibliografi : hlm. 205 aMySQL - Program komputer aYOPDYOG a03P0004902